| 000 | 00678nam a2200217Ia 4500 | ||
|---|---|---|---|
| 999 |
_c47135 _d47135 |
||
| 003 | GCL | ||
| 005 | 20240530104403.0 | ||
| 008 | 140319s9999 xx 000 0 ara d | ||
| 040 |
_aGCL / _cGCL |
||
| 082 | 0 | 4 |
_a155.4 _bك س |
| 100 | 1 | _aرايبر ، فان | |
| 245 | 1 | 0 |
_aمساعدة الطفل على اجادة الكلام / _cفان رايبر |
| 300 | _a122 ص | ||
| 490 |
_aسلسلة دراسات سيكولوجية _v0 |
||
| 650 | 0 | 4 | _aالاطفال - نمو |
| 650 | 0 | 4 | _aالاطفال - لغة |
| 650 | 0 | 4 | _aالاطفال - تعليم |
| 700 | 1 | _aعبدالعزيز القوصى | |
| 700 | 1 | _aصلاح الدين لطفى(مترجم) | |
| 942 |
_2ddc _cBK |
||